Kisah rimba
| Main Author: | |
|---|---|
| Format: | Book |
| Published: |
Johor Bahru :
Penerbitan Pelangi ,
1994
|
| Subjects: |
MARC
| LEADER | 00000cam a2200000 7i4500 | ||
|---|---|---|---|
| 001 | 0000008504 | ||
| 002 | 000009268 | ||
| 005 | .0 | ||
| 020 | |a 9835000336 | ||
| 090 | 0 | 0 | |a JF |b KIP |
| 100 | 1 | |a Kipling, Rudyard | |
| 245 | 1 | 0 | |a Kisah rimba |c Rudyard Kipling |
| 260 | |a Johor Bahru : |b Penerbitan Pelangi , |c 1994 | ||
| 300 | |a p.v. : |b ill. ; |c 18cm. | ||
| 650 | 0 | 0 | |a Children's stories, Malay |
| 999 | |a 040167 |b BUKU |c PINJAMAN |e PERPUSTAKAAN KOMUNITI PETALING JAYA | ||